00416nam a22001337a 4500082001600000100001600016245004100032260004500073300000700118650002500125942000700150952010800157999001700265 a294.543 VIM aVimalananda aEternal Messages of Swami Chidananda aHimalayasbThe Devine Life Societyc2010 a96 aSprituality Hinduism cBK 00104070aHMIbHMId2016-04-18eDirectorg40.00l0o294.543 VIMp11003148r2026-01-16w2026-01-16yBK c20050d20050